Statistics for Famous People Born in Missouri

Click here to take the quiz!

General Stats

  • This quiz has been taken 113 times
  • The average score is 7 of 20

Answer Stats

DescriptionFamous PersonBirth City% Correct
Novelist of Tom Sawyer and Huckleberry FinnMark TwainFlorida
76%
33rd presidentHarry S. TrumanLamar
73%
Rap icon of Without Me and Lose YourselfEminemSt. Joseph
62%
Actor best known as Sulley in Monsters IncJohn GoodmanAffton
62%
Rock & roll legend of Johnny B. GoodeChuck BerrySt. Louis
58%
Poet of I Know Why the Caged Bird SingsMaya AngelouSt. Louis
53%
Actor of Mary Poppins and Chitty Chitty Bang BangDick Van DykeWest Plains
49%
Comedian of Sanford and SonRedd FoxxSt. Louis
40%
Actor of Hotel Rwanda and Ocean's 11Don CheadleKansas City
38%
Actor known as Carl in UpEd AsnerKansas City
33%
Late actress as Marie on Everybody Loves RaymondDoris RobertsSt. Louis
31%
Actress known as Sadness in Inside OutPhyllis SmithSt. Louis
22%
Actor of The Hunchback of Notre Dame & The Road to El DoradoKevin KlineSt. Louis
20%
Comedian as Maurice in MadagascarCedric the EntertainerJefferson City
18%
Actress known as Flo in CarsJenifer LewisSt. Louis
18%
Late actor known as Rafiki in The Lion KingRobert GuillaumeSt. Louis
18%
Actor of Adaptation and The MuppetsChris CooperKansas City
16%
Actress as Jessica RabbitKathleen TurnerSpringfield
16%
Voice of Jiminy Cricket in PinocchioCliff EdwardsHannibal
13%
DJ of Yo Gabba GabbaLance RobertsonSt. Louis
13%

Score Distribution

Percentile by Number Answered

Percent of People with Each Score

Your Score History

You have not taken this quiz